000 01357cam a2200217 a 4500
999 _c58120
_d58120
001 17658268
005 20210618142626.0
008 130313s2013 ksua bf 000 0 eng d
020 _a9781937473235
041 _aeng
080 _a376 T-44
245 0 4 _aThe ASD nest model :
_ba framework for inclusive education for higher functioning children with autism spectrum disorders /
_cedited by Shirley Cohen and Lauren Hough ; foreword by Brenda Smith Myles.
264 _aShawnee Mission, Kansas :
_bAAPC Publishing,
_c2013.
300 _a223 pages :
_billustrations ;
_c28 cm.
653 _aაუტიზმის სპექტრის აშლილობის მქონე უფრო მაღალი ფუნქციონირების მქონე ბავშვების ინკლუზიური განათლების ჩარჩო
653 _aрамки для инклюзивного образования для более функциональных детей с расстройствами аутистического спектра
700 1 _aCohen, Shirley,
_eრედაქტორი
_912097
700 1 _aHough, Lauren.
_eრედაქტორი
_912098
700 1 _aMyles, Brenda Smith.
_eწინასიტყვაობის ავტორი
_912099
942 _2udc
_cBK